<?xml version="1.0" encoding="UTF-8"?><?xml-stylesheet type="text/xsl" href="static/style.xsl"?><OAI-PMH xmlns="http://www.openarchives.org/OAI/2.0/" xmlns:xsi="http://www.w3.org/2001/XMLSchema-instance" xsi:schemaLocation="http://www.openarchives.org/OAI/2.0/ http://www.openarchives.org/OAI/2.0/OAI-PMH.xsd"><responseDate>2026-04-14T05:26:12Z</responseDate><request verb="GetRecord" identifier="oai:www.recercat.cat:2445/186283" metadataPrefix="marc">https://recercat.cat/oai/request</request><GetRecord><record><header><identifier>oai:recercat.cat:2445/186283</identifier><datestamp>2025-12-10T23:06:19Z</datestamp><setSpec>com_2072_1057</setSpec><setSpec>col_2072_478917</setSpec><setSpec>col_2072_478935</setSpec></header><metadata><record xmlns="http://www.loc.gov/MARC21/slim" xmlns:dcterms="http://purl.org/dc/terms/" xmlns:xsi="http://www.w3.org/2001/XMLSchema-instance" xmlns:doc="http://www.lyncode.com/xoai" xsi:schemaLocation="http://www.loc.gov/MARC21/slim http://www.loc.gov/standards/marcxml/schema/MARC21slim.xsd">
   <leader>00925njm 22002777a 4500</leader>
   <datafield ind2=" " ind1=" " tag="042">
      <subfield code="a">dc</subfield>
   </datafield>
   <datafield ind2=" " ind1=" " tag="720">
      <subfield code="a">Rodrigues de Mello, Roseli</subfield>
      <subfield code="e">author</subfield>
   </datafield>
   <datafield ind2=" " ind1=" " tag="720">
      <subfield code="a">Bonell-Garcia, Lars</subfield>
      <subfield code="e">author</subfield>
   </datafield>
   <datafield ind2=" " ind1=" " tag="720">
      <subfield code="a">Castro Sandúa, Marcos</subfield>
      <subfield code="e">author</subfield>
   </datafield>
   <datafield ind2=" " ind1=" " tag="720">
      <subfield code="a">Oliver, Esther</subfield>
      <subfield code="e">author</subfield>
   </datafield>
   <datafield ind2=" " ind1=" " tag="260">
      <subfield code="c">2022-06-02T21:08:36Z</subfield>
   </datafield>
   <datafield ind2=" " ind1=" " tag="260">
      <subfield code="c">2022-06-02T21:08:36Z</subfield>
   </datafield>
   <datafield ind2=" " ind1=" " tag="260">
      <subfield code="c">2021-06-11</subfield>
   </datafield>
   <datafield ind2=" " ind1=" " tag="260">
      <subfield code="c">2022-06-02T21:08:37Z</subfield>
   </datafield>
   <datafield ind2=" " ind1=" " tag="520">
      <subfield code="a">Research on preventive socialization of gender violence has contributed abundant empirical evidence that attraction to violence is common among adolescents. This has meant that 'bad guys,' or those who reflect the Dominant Traditional Masculinity (DTM) model, are chiefly perceived as appealing, while 'good guys' are perceived as good friends but not desirable. The mainstream media tends to reproduce this traditional model of affective-sexual relationships, which has harmful effects on young girls concerning gender and sexuality. However, New Alternative Masculinity men are challenging this traditional and unsatisfactory model of affective-sexual relationships. The 2010 Spanish version of the movie Three Steps above Heaven, a good example of this kind of media product, has proven to greatly impact communicative acts among adolescents. This article explores how this influence on adolescents is because the communicative acts about Hache - the main character in the movie - are full of the language of desire, and his own communicative acts are full of violence. On the one hand, we analyze how Three Steps above Heaven employs communicative acts to enhance the attractiveness of DTM. On the other hand, based on the evidence gathered in a communicative focus group (CFG) addressed to 15- and 16-year-old female adolescents, we analyze how New Alternative Masculinity men are demystifying Hache and the idea of having a 'Three Steps Above Heaven' by demonstrating with the powerful language of desire that men like him employ farce strategies. The article includes evidence from interventions with adolescents where discussion of movies like this, with the involvement of New Alternative Masculinity men and grounded in the language of desire, can transform the perception about the sexual-affective relationship in the movie, thus counteracting their negative influence in terms of attraction to violence.</subfield>
   </datafield>
   <datafield tag="653" ind2=" " ind1=" ">
      <subfield code="a">Comunicació</subfield>
   </datafield>
   <datafield tag="653" ind2=" " ind1=" ">
      <subfield code="a">Masculinitat</subfield>
   </datafield>
   <datafield tag="653" ind2=" " ind1=" ">
      <subfield code="a">Sociologia de la comunicació</subfield>
   </datafield>
   <datafield tag="653" ind2=" " ind1=" ">
      <subfield code="a">Communication</subfield>
   </datafield>
   <datafield tag="653" ind2=" " ind1=" ">
      <subfield code="a">Masculinity</subfield>
   </datafield>
   <datafield tag="653" ind2=" " ind1=" ">
      <subfield code="a">Sociology of communication</subfield>
   </datafield>
   <datafield ind2="0" ind1="0" tag="245">
      <subfield code="a">'Three Steps Above Heaven? Really? That's All Tactic!' New Alternative Masculinities Dismantling Dominant Traditional Masculinity's Strategies</subfield>
   </datafield>
</record></metadata></record></GetRecord></OAI-PMH>